01158nam a2200241 a 450000100060000000300090000600800410001502000150005604000280007108200180009910000420011724500450015926000520020430000080025650502630026459001440052765000240067165000180069565000340071394200120074799900170075995201400077621595CO-ViMGA141112s2004 ck r 000 u spa d a9583314641 aCO-ViMGAbspacCO-ViMGA04a345.008 B351d1 aBenavides Vanegas, Farid Samir93084610aDisciplina y control en el derecho penal aBogotá : bEdiciones nueva jurídica, c2000 a249 aPrincipio de la libre valoración de la prueba en el proceso penal español 23 - - Derecho y economía 53 - - Aspectos generales sobre los menores infractores 67 - - La cuestión de las mujeres y el derecho 157 - - la conciencia de genero y derecho 167  aForma de adquisición : Donación fact. 8853 - - Precio : 26000 - - Proveedor : Fundación exito - - Fecha de adquisición : Junio 200714aACCION PENAL91121314aDERECHO PENAL14aFALTAS (DERECHO PENAL)930847 2ddccBK c30171d30171 00102ddc40708002aMEVIECARbMEVIECARd2015-12-04h11/jun/2009l0o345.008 B351d p21595r2015-12-04 00:00:00tEj. 1w2015-12-04yBK